Financial administration : training handbook /

Saved in:
Bibliographic Details
Corporate Author: Australia. Public Service Board. Personnel Development Branch
Format: Book
Language:English
Published: Canberra : Australian Govt. Pub. Service, 1978.
Edition:6th ed.
Subjects:
LEADER 01447cam a2200313 a 4500
001 c000189697
003 CARM
005 20051213132243.0
008 780808s1978 aca f000 0 eng d
019 1 |a 1650681  |z 41367035  |z 22435323  |z 23074544  |5 LACONCORD2021 
020 |a 0642035075 :  |c unpriced 
035 |a (OCoLC)27505539  |5 LACONCORD2021 
040 |a ANB  |b eng  |c ANB  |d NSL:R 
042 |a anuc 
043 |a u-at--- 
082 0 4 |a 354/.94/0072 
110 1 |a Australia.  |b Public Service Board.  |b Personnel Development Branch. 
245 1 0 |a Financial administration :  |b training handbook /  |c Personnel Development Branch, Australian Public Service Board. 
250 |a 6th ed. 
260 |a Canberra :  |b Australian Govt. Pub. Service,  |c 1978. 
300 |a vii, 35 p. ;  |c 25 cm. 
500 |a Australia. Commonwealth government. Finance. Administration. Manuals. For public servants (ANB/PRECIS SIN 004444x) 
500 |a Australian Government Publishing Service cat. no.7871062. 
650 0 |a Finance, Public  |z Australia  |v Handbooks, manuals, etc. 
852 8 |b CARM  |h A2:AP13B0  |i C07884  |p 0272860  |f BK 
852 8 |b CARM  |h A1:AL14D0  |i C10400  |p 0452953  |f BK 
999 f f |i ac43c59b-7283-5320-b8d5-dd091604b3c9  |s 0fcfe609-783d-587b-be8e-399953aedade 
952 f f |p Can circulate  |a CAVAL  |b CAVAL  |c CAVAL  |d CARM 1 Store  |e C10400  |f A1:AL14D0  |h Other scheme  |i book  |m 0452953 
952 f f |p Can circulate  |a CAVAL  |b CAVAL  |c CAVAL  |d CARM 1 Store  |e C07884  |f A2:AP13B0  |h Other scheme  |i book  |m 0272860